| 000 | 01181cam a22002891 4500 | ||
|---|---|---|---|
| 001 | e 45000005 | ||
| 003 | DLC | ||
| 005 | 20260227111232.0 | ||
| 008 | 830308s1942 flua b s000 0 eng c | ||
| 010 | _ae 45000005 | ||
| 035 | _a(OCoLC)9289420 | ||
| 040 |
_aU.S. Off of educ. Library _cDNIE _dDLC |
||
| 042 | _apremarc | ||
| 043 | _an-us-fl | ||
| 050 | 0 | 0 |
_aL136 _b.B32 no. 5, 1942 |
| 082 | _a379.759 s | ||
| 110 | 1 |
_aFlorida. _bState Department of Education. |
|
| 245 | 0 | 0 |
_aSource materials for physical education in Florida secondary schools ... _cEdited in Florida curriculum laboratory, University of Florida, Gainesville, Florida. |
| 260 |
_aTallahassee, Fla., _bState dept. of education _c[1942] |
||
| 300 |
_aix, [1], 421 p. _bincl. diagrs. _c23 cm. |
||
| 490 | 1 |
_aIts Florida program for improvement of schools. Bulletin _vno. 5, 1942 |
|
| 504 | _aIncludes bibliographies. | ||
| 650 | 0 |
_aPhysical education and training _zFlorida. |
|
| 650 | 0 |
_aEducation _xCurricula _zFlorida. |
|
| 710 | 2 |
_aUniversity of Florida. _bCurriculum Laboratory. |
|
| 810 | 1 |
_aFlorida. _bState Department of Education. _tFlorida program for improvement of schools. Bulletin _vno. 5, 1942. |
|
| 999 |
_c21990 _d21990 |
||